| 000 | 00376nam a2200133Ia 4500 | ||
|---|---|---|---|
| 008 | 160227s9999 xx 000 0 und d | ||
| 100 | _aKalloniatis, C. | ||
| 245 | _aModern Information Systems / | ||
| 245 | _cC. Kalloniatis. | ||
| 260 | _bInTech. | ||
| 260 | _c2012 | ||
| 650 | _xInformation system. | ||
| 856 | _uhttp://www.intechopen.com/books/modern-information-systems | ||
| 999 |
_c291037 _d291037 |
||